| 000 | 00398nam a2200157Ia 4500 | ||
|---|---|---|---|
| 008 | 230718s9999 xx 000 0 und d | ||
| 041 | _aeng | ||
| 082 |
_a370.11'4 _bPAN |
||
| 100 |
_aPandya R _9146469 |
||
| 245 | _aImbibing Value Education | ||
| 260 |
_c2004 _bKalpaz |
||
| 300 | _a337 | ||
| 365 |
_cRs. _b690.00 |
||
| 700 |
_aPandya R & Mathu A _9188330 |
||
| 906 |
_dB:372625-Feb-2004 _cOTH _b138 |
||
| 999 |
_c306754 _d306754 |
||